000
00326nam a2200145Ia 4500
001
17705
008
140405s9999 xx 000 0 und d
040
_c
PK-LaUMT
082
_a
610.222
_b
NEW-
245
4
_a
The new image bank
260
_c
2000
500
_a
Cataloguing information incomlete
546
_a
EN
942
_c
BK
999
_c
18114
_d
18114